[Event "World Senior Teams +65"]
[Site "Radebeul GER"]
[Date "2016.06.28"]
[Round "3.6"]
[Board "1"]
[White "Svensson, Leif 1940"]
[Black "Hurme, Harri"]
[Result "0-1"]
[BlackTitle "FM"]
[WhiteElo "2072"]
[BlackElo "2194"]
[WhiteTeam "Sweden 2"]
[BlackTeam "Finland"]
[WhiteFideId "1702459"]
[BlackFideId "500321"]
[EventDate "2016.06.26"]

1. d4 Nf6 2. Nc3 d5 3. Bg5 h6 4. Bh4 Bf5 5. e3 e6 6. Bd3 Bxd3 7. cxd3 Be7 8. Rc1
O-O 9. Nf3 Nbd7 10. Ne5 c6 11. O-O Nxe5 12. dxe5 Nd7 13. Bxe7 Qxe7 14. d4 f6 15.
exf6 Nxf6 16. Qe2 e5 17. dxe5 Qxe5 18. b4 Rae8 19. Rfd1 h5 20. h3 g5 21. Qd3 Rf7
22. Qd4 Qf5 23. Rd2 h4 24. f3 Rfe7 25. Nd1 a6 26. a4 Nd7 27. b5 axb5 28. axb5
Ne5 29. bxc6 bxc6 30. e4 Qf4 31. Qe3 Qg3 32. Qf2 Nxf3+ 33. Qxf3 Rxe4 0-1

[Event "World Senior Teams +65"]
[Site "Radebeul GER"]
[Date "2016.06.28"]
[Round "3.6"]
[Board "2"]
[White "Vinke, Dietmar"]
[Black "Andersson, Sven-Olof"]
[Result "1/2-1/2"]
[WhiteTitle "FM"]
[WhiteElo "2134"]
[BlackElo "1983"]
[WhiteTeam "Finland"]
[BlackTeam "Sweden 2"]
[WhiteFideId "1703196"]
[BlackFideId "1706926"]
[EventDate "2016.06.26"]

1. Nf3 Nf6 2. g3 g6 3. Bg2 Bg7 4. O-O O-O 5. d3 d5 6. Nbd2 c6 7. e4 dxe4 8. Nxe4
Qa5 9. Re1 Qh5 10. Qe2 Na6 1/2-1/2

[Event "World Senior Teams +65"]
[Site "Radebeul GER"]
[Date "2016.06.28"]
[Round "3.6"]
[Board "3"]
[White "Svensson, Soren"]
[Black "Morant, Paul"]
[Result "1-0"]
[WhiteElo "1952"]
[BlackElo "2091"]
[WhiteTeam "Sweden 2"]
[BlackTeam "Finland"]
[WhiteFideId "1714937"]
[BlackFideId "503517"]
[EventDate "2016.06.26"]

1. d4 Nf6 2. c4 e6 3. Nf3 Bb4+ 4. Nbd2 b6 5. a3 Bxd2+ 6. Bxd2 h6 7. e3 Bb7 8.
Bd3 Be4 9. Qc2 Bxd3 10. Qxd3 O-O 11. O-O d6 12. Bc3 Nbd7 13. b4 Qe7 14. e4 e5
15. dxe5 Nxe5 16. Nxe5 dxe5 17. Rad1 Rfd8 18. Qe2 c6 19. f3 Kh7 20. Qb2 Rxd1 21.
Rxd1 Re8 22. Qd2 Qe6 23. c5 Qb3 24. Qc1 Re6 25. Rd8 bxc5 26. bxc5 Nh5 27. Qb2
Qc4 28. Bxe5 Qxc5+ 29. Bd4 Qg5 30. Rd7 Rg6 31. Rxf7 c5 32. Rf5 Qh4 33. Bf2 Qd8
34. Rd5 Qf8 35. Rf5 Qd8 36. Qc2 Rd6 37. Rd5 Rxd5 38. exd5+ Kh8 39. Qxc5 Qb8 40.
g3 Nf6 41. d6 Qb1+ 42. Kg2 Qb8 43. Qc7 Qe8 44. Qxa7 Nd7 45. Qe3 Qg6 46. Qe7 Qf5
47. g4 Qb5 48. Bd4 Nf6 49. Bxf6 gxf6 50. Qxf6+ Kh7 51. Qe7+ Kg6 52. d7 Qb2+ 53.
Kg3 Qb8+ 54. f4 h5 55. d8=Q h4+ 56. Kxh4 Qb2 57. Qg8+ 1-0

[Event "World Senior Teams +65"]
[Site "Radebeul GER"]
[Date "2016.06.28"]
[Round "3.6"]
[Board "4"]
[White "Luodonpaa, Martti"]
[Black "Ekelund, Kurt"]
[Result "1/2-1/2"]
[WhiteElo "1831"]
[BlackElo "1952"]
[WhiteTeam "Finland"]
[BlackTeam "Sweden 2"]
[WhiteFideId "502880"]
[BlackFideId "1706667"]
[EventDate "2016.06.26"]

1. Nf3 Nf6 2. c4 g6 3. b4 Bg7 4. Bb2 c6 5. g3 O-O 6. Bg2 a5 7. a3 axb4 8. axb4
Rxa1 9. Bxa1 Qb6 10. Qb3 Na6 11. b5 d5 12. Bd4 c5 1/2-1/2

[Event "World Senior Teams +65"]
[Site "Radebeul GER"]
[Date "2016.06.28"]
[Round "3.7"]
[Board "1"]
[White "Vogel, Jaap"]
[Black "Opl, Klaus1"]
[Result "0-1"]
[WhiteTitle "FM"]
[BlackTitle "FM"]
[WhiteElo "2126"]
[BlackElo "2230"]
[WhiteTeam "Oranje 1"]
[BlackTeam "Wien 1"]
[WhiteFideId "1000764"]
[BlackFideId "1600672"]
[EventDate "2016.06.26"]

1. d4 d5 2. Nf3 Nf6 3. c4 c6 4. e3 Bf5 5. Nc3 e6 6. Bd3 dxc4 7. Bxc4 Nbd7 8. O-O
Bd6 9. Re1 Ne4 10. Nxe4 Bxe4 11. Nd2 Bg6 12. e4 O-O 13. Nf3 Rc8 14. Bg5 Be7 15.
Bf4 c5 16. d5 Nb6 17. b3 exd5 18. Bxd5 Nxd5 19. exd5 Bd6 20. Ne5 Qc7 21. Qd2
Rfd8 22. Bg3 b5 23. Rac1 f6 24. Nxg6 hxg6 25. Re6 Bxg3 26. hxg3 Qd7 27. Rce1 Kh7
28. Re7 Qxd5 29. Qxd5 Rxd5 30. Rxa7 Kh6 31. Ree7 c4 32. bxc4 Rxc4 33. Re1 g5 34.
Ra3 Rd2 35. Rb3 Rcc2 36. Rf1 Rb2 37. Rb1 Rxa2 38. Rf1 Rab2 39. Rb1 Rxb3 40. Rxb3
Rd1+ 41. Kh2 Rd5 42. g4 Kg6 43. Kg3 Kf7 44. Kf3 Ke6 45. Ke4 Kd6 46. f3 Kc6 47.
g3 Rd7 0-1

[Event "World Senior Teams +65"]
[Site "Radebeul GER"]
[Date "2016.06.28"]
[Round "3.7"]
[Board "2"]
[White "Dueckstein, Andreas"]
[Black "Ghijsen, Pim"]
[Result "1/2-1/2"]
[WhiteTitle "IM"]
[WhiteElo "2084"]
[BlackElo "2174"]
[WhiteTeam "Wien 1"]
[BlackTeam "Oranje 1"]
[WhiteFideId "1600168"]
[BlackFideId "1002201"]
[EventDate "2016.06.26"]

1. e4 c5 2. Nf3 a6 3. c3 d5 4. exd5 Qxd5 5. d4 e6 6. Be2 Nf6 7. O-O Nc6 8. Be3
cxd4 9. cxd4 Be7 10. Nc3 Qa5 11. Nd2 O-O 12. Nc4 Qd8 13. Bf3 Nb4 14. Qb3 Nbd5
15. Nxd5 Nxd5 16. Bxd5 exd5 17. Nb6 Rb8 18. Nxd5 Bd6 19. Nb6 Bf5 20. Rac1 Re8
21. d5 Qh4 22. f4 Be4 23. Rf2 Qe7 24. Bd4 Rbd8 25. Qg3 f6 26. Qb3 Kh8 27. h3 Qf7
28. Bc5 Bc7 29. d6 Qxb3 30. axb3 Bxb6 31. Bxb6 Rxd6 32. Ba5 Bc6 33. Bc3 Kg8 34.
Kh2 Kf7 35. Re1 Rxe1 36. Bxe1 Rd3 37. Bc3 Bd5 38. b4 Bc6 39. Rd2 Re3 40. Kg1 Re4
41. Rd4 Re2 1/2-1/2

[Event "World Senior Teams +65"]
[Site "Radebeul GER"]
[Date "2016.06.28"]
[Round "3.7"]
[Board "3"]
[White "Westerveld, Wim"]
[Black "Strobel, Ferdinand"]
[Result "1-0"]
[BlackTitle "FM"]
[WhiteElo "2157"]
[BlackElo "2037"]
[WhiteTeam "Oranje 1"]
[BlackTeam "Wien 1"]
[WhiteFideId "1001310"]
[BlackFideId "1600290"]
[EventDate "2016.06.26"]

1. e4 d6 2. d4 Nf6 3. Nc3 g6 4. g3 Bg7 5. Bg2 O-O 6. Nge2 e5 7. h3 exd4 8. Nxd4
Nc6 9. Nde2 Be6 10. O-O Nd7 11. Nd5 Nb6 12. c3 Qe7 13. Bg5 f6 14. Bf4 Qd7 15.
Kh2 Rad8 16. a4 Nc4 17. b3 N4e5 18. Be3 a6 19. f4 Nf7 20. Nd4 Rc8 21. c4 f5 22.
exf5 Bxd5 23. Bxd5 1-0

[Event "World Senior Teams +65"]
[Site "Radebeul GER"]
[Date "2016.06.28"]
[Round "3.7"]
[Board "4"]
[White "Teichmeister, Sven"]
[Black "Van Oosten, Arend"]
[Result "0-1"]
[WhiteElo "2005"]
[BlackElo "2082"]
[WhiteTeam "Wien 1"]
[BlackTeam "Oranje 1"]
[WhiteFideId "1614797"]
[BlackFideId "1006053"]
[EventDate "2016.06.26"]

1. d4 e6 2. Nf3 f5 3. Nc3 Nf6 4. Bg5 d5 5. e3 Be7 6. Ne5 O-O 7. f3 Nbd7 8. Nxd7
Bxd7 9. Be2 c5 10. O-O b6 11. Re1 h6 12. Bh4 Bd6 13. Bf1 Qc7 14. h3 f4 15. exf4
Bxf4 16. Ne2 Bh2+ 17. Kh1 Nh5 18. g4 Nf4 19. Nxf4 Bxf4 20. c3 Rae8 21. Qd3 Bc6
22. Qg6 c4 23. Rxe6 Bd7 24. Re2 Rxe2 25. Bxe2 Bg3 26. Be7 Be8 27. Qe6+ Bf7 28.
Qe3 Re8 0-1

[Event "World Senior Teams +65"]
[Site "Radebeul GER"]
[Date "2016.06.28"]
[Round "3.8"]
[Board "1"]
[White "Kolbak, Jens"]
[Black "Danner, Georg"]
[Result "1/2-1/2"]
[BlackTitle "IM"]
[WhiteElo "2178"]
[BlackElo "2338"]
[WhiteTeam "Denmark"]
[BlackTeam "Austria"]
[WhiteFideId "1400339"]
[BlackFideId "1600303"]
[EventDate "2016.06.26"]

1. e4 c5 2. Nf3 g6 3. g3 Bg7 4. Bg2 Nc6 5. O-O e5 6. d3 Nge7 7. Nc3 d6 8. h3 O-O
9. Be3 Rb8 10. Qd2 b5 11. a3 Nd4 12. Ne1 a5 13. Bh6 Bxh6 14. Qxh6 b4 15. axb4
axb4 16. Nd5 Nxd5 17. exd5 Bd7 18. Kh2 Ra8 19. Rxa8 Qxa8 20. c3 bxc3 21. bxc3
Nb5 22. Nf3 f6 23. c4 Nd4 24. Nxd4 cxd4 25. Rb1 Rb8 26. Qc1 Rxb1 27. Qxb1 Qa7
28. h4 Kg7 29. Qb4 Qc7 30. Bh3 1/2-1/2

[Event "World Senior Teams +65"]
[Site "Radebeul GER"]
[Date "2016.06.28"]
[Round "3.8"]
[Board "2"]
[White "Petschar, Kurt"]
[Black "Olesen, Poul Erik Norgaard"]
[Result "1-0"]
[WhiteTitle "FM"]
[WhiteElo "2278"]
[BlackElo "2020"]
[WhiteTeam "Austria"]
[BlackTeam "Denmark"]
[WhiteFideId "1600478"]
[BlackFideId "1404253"]
[EventDate "2016.06.26"]

1. e4 e5 2. Nf3 d6 3. d4 exd4 4. Nxd4 g6 5. Nc3 Bg7 6. Be3 Nc6 7. Qd2 Nxd4 8.
Bxd4 Nf6 9. O-O-O O-O 10. f3 Be6 11. g4 c5 12. Be3 Qa5 13. a3 Bxg4 14. fxg4 Nxg4
15. Bf4 Bxc3 16. Qxc3 Qxc3 17. bxc3 Nf2 18. Bg2 Rfe8 19. Bxd6 Nxh1 20. Bxh1 b6
21. e5 Rad8 22. Bd5 Kg7 23. Rf1 Kh6 24. Bxf7 Rh8 25. Rf3 Kg5 26. Be7+ 1-0

[Event "World Senior Teams +65"]
[Site "Radebeul GER"]
[Date "2016.06.28"]
[Round "3.8"]
[Board "3"]
[White "Jorgensen, Arne Bjorn"]
[Black "Titz, Heimo"]
[Result "0-1"]
[BlackTitle "FM"]
[WhiteElo "1955"]
[BlackElo "2160"]
[WhiteTeam "Denmark"]
[BlackTeam "Austria"]
[WhiteFideId "1406680"]
[BlackFideId "1601520"]
[EventDate "2016.06.26"]

1. d4 Nf6 2. Nf3 e6 3. c4 b6 4. g3 Ba6 5. b3 Bb7 6. Bg2 Bb4+ 7. Bd2 a5 8. a3
Bxd2+ 9. Qxd2 d6 10. Nc3 Nbd7 11. O-O O-O 12. Rfe1 Ne4 13. Nxe4 Bxe4 14. Qe3 Nf6
15. Nd2 Bxg2 16. Kxg2 c5 17. Qd3 d5 18. Rad1 a4 19. Nf3 axb3 20. Qxb3 dxc4 21.
Qxc4 Qd5 22. Qb5 cxd4 23. Qxd5 Nxd5 24. Rxd4 Rxa3 25. e4 Nc3 26. Rb4 b5 27. Rb2
Rd8 28. e5 Rd3 29. Ng5 h6 30. Nh3 Rd4 31. Rc1 b4 32. Ng1 Nd5 33. Rc8+ Kh7 34.
Rb8 Re4 35. Rb7 Kg6 36. Nf3 Rc3 37. Nh4+ Rxh4 38. f4 Nxf4+ 39. gxf4 Rg4+ 40. Kf2
Rxf4+ 41. Kg2 Rg4+ 42. Kf2 Rh4 43. Kf1 Rf3+ 44. Ke2 Rxh2+ 45. Kxf3 Rxb2 0-1

[Event "World Senior Teams +65"]
[Site "Radebeul GER"]
[Date "2016.06.28"]
[Round "3.8"]
[Board "4"]
[White "Singer, Hans"]
[Black "Mortensen, Steen Juul"]
[Result "1/2-1/2"]
[WhiteTitle "FM"]
[WhiteElo "2191"]
[BlackElo "2002"]
[WhiteTeam "Austria"]
[BlackTeam "Denmark"]
[WhiteFideId "1600800"]
[BlackFideId "1408143"]
[EventDate "2016.06.26"]

1. d4 Nf6 2. c4 g6 3. Nc3 Bg7 4. e4 d6 5. Nf3 O-O 6. Be2 e5 7. Be3 exd4 8. Nxd4
Re8 9. f3 c6 10. Qd2 d5 11. exd5 cxd5 12. O-O Nc6 13. Nxc6 bxc6 14. Rad1 Be6 15.
cxd5 cxd5 16. Nxd5 Bxd5 17. Bc5 a5 1/2-1/2

[Event "World Senior Teams +65"]
[Site "Radebeul GER"]
[Date "2016.06.28"]
[Round "3.9"]
[Board "1"]
[White "Happel, Henk"]
[Black "Renman, Nils-Gustaf"]
[Result "0-1"]
[WhiteTitle "FM"]
[BlackTitle "IM"]
[WhiteElo "2101"]
[BlackElo "2352"]
[WhiteTeam "Koninklijke DD"]
[BlackTeam "Sweden 1"]
[WhiteFideId "1001078"]
[BlackFideId "1700367"]
[EventDate "2016.06.26"]

1. d4 d5 2. Nf3 c6 3. c4 Nf6 4. e3 Bf5 5. Nc3 e6 6. Qb3 Qb6 7. c5 Qc7 8. Nh4 Be7
9. Nxf5 exf5 10. Qc2 g6 11. Bd3 Nbd7 12. O-O O-O 13. Bd2 Ne4 14. Be1 Rfe8 15. f3
Nxc3 16. Qxc3 Bg5 17. f4 Bd8 18. Bf2 Nf6 19. h3 Ne4 20. Bxe4 Rxe4 21. b4 Bf6 22.
Rab1 Rae8 23. b5 g5 24. bxc6 bxc6 25. g3 h5 26. Rbe1 h4 27. Kg2 Qe7 28. fxg5
Bxg5 29. gxh4 Bxh4 30. Bxh4 Qxh4 31. Rf3 f4 32. Re2 Kh8 33. Kf1 Qh5 34. Kf2 f5
35. Qd3 Qh4+ 36. Kf1 fxe3 37. Rfxe3 Qf4+ 0-1

[Event "World Senior Teams +65"]
[Site "Radebeul GER"]
[Date "2016.06.28"]
[Round "3.9"]
[Board "2"]
[White "Malmdin, Nils-Ake"]
[Black "Dickhoff, Ronald"]
[Result "1/2-1/2"]
[WhiteTitle "FM"]
[WhiteElo "2174"]
[BlackElo "2106"]
[WhiteTeam "Sweden 1"]
[BlackTeam "Koninklijke DD"]
[WhiteFideId "1701584"]
[BlackFideId "1006142"]
[EventDate "2016.06.26"]

1. e4 e5 2. Nf3 Nc6 3. Nc3 Nf6 4. a3 Be7 5. d4 exd4 6. Nxd4 O-O 7. Be2 d6 8. Be3
Re8 9. Qd2 Ng4 10. Bxg4 Bxg4 11. f3 Bh4+ 12. g3 Nxd4 13. Bxd4 Bxf3 14. O-O Bg5
15. Qf2 Bh5 16. h4 Bh6 17. b4 b6 18. b5 Qd7 19. Rae1 Bg4 20. Kh2 Re6 21. a4 Rae8
22. a5 f5 23. axb6 axb6 24. exf5 Rxe1 25. Rxe1 Rxe1 26. Qxe1 Bxf5 27. Qe2 Qe6 1/2-1/2

[Event "World Senior Teams +65"]
[Site "Radebeul GER"]
[Date "2016.06.28"]
[Round "3.9"]
[Board "3"]
[White "Olof, Erik"]
[Black "Nyberg, Ulf"]
[Result "0-1"]
[WhiteElo "1975"]
[BlackElo "2161"]
[WhiteTeam "Koninklijke DD"]
[BlackTeam "Sweden 1"]
[WhiteFideId "1035762"]
[BlackFideId "1705083"]
[EventDate "2016.06.26"]

1. e4 Nf6 2. e5 Nd5 3. d4 d6 4. Nf3 Bg4 5. Be2 c6 6. O-O Bxf3 7. Bxf3 dxe5 8.
dxe5 e6 9. c4 Ne7 10. Qxd8+ Kxd8 11. Bg5 Nd7 12. Bxe7+ Bxe7 13. Re1 Kc7 14. Nc3
Rhd8 15. Rad1 Bb4 16. a3 Bxc3 17. bxc3 Nb6 18. Be2 Na4 19. Rd3 Rxd3 20. Bxd3 Rd8
21. Bc2 Nc5 22. Kf1 Rd2 23. Re2 Rxe2 24. Kxe2 Nd7 25. f4 g6 26. Ke3 Kb6 27. Kd4
Kc7 28. g4 Kd8 29. f5 exf5 30. gxf5 Ke7 31. e6 fxe6 32. fxg6 e5+ 33. Ke3 hxg6
34. Bxg6 Kf6 35. Bd3 Kg5 36. Bf1 Nb6 37. Ke4 Kf6 38. Bd3 Na4 39. Bc2 Nc5+ 40.
Ke3 Kg5 41. h3 Ne6 42. Ke4 Kf6 43. h4 Ng7 44. Kf3 Ne8 45. h5 Nd6 46. h6 Nxc4 47.
a4 Nd6 48. h7 Kg7 49. Bg6 a5 50. Ke3 b5 51. Bc2 bxa4 52. Bxa4 c5 53. Bc2 c4 54.
Kf3 e4+ 55. Ke3 Kxh7 56. Kd4 Kg7 57. Bxe4 Nxe4 58. Kxc4 Nd6+ 59. Kb3 Nb7 60. Kc4
a4 61. Kb4 Nc5 62. c4 Kf6 0-1

[Event "World Senior Teams +65"]
[Site "Radebeul GER"]
[Date "2016.06.28"]
[Round "3.9"]
[Board "4"]
[White "Nordstrom, Felix"]
[Black "Munninghoff, Alexander"]
[Result "1-0"]
[WhiteTitle "FM"]
[WhiteElo "2093"]
[BlackElo "1932"]
[WhiteTeam "Sweden 1"]
[BlackTeam "Koninklijke DD"]
[WhiteFideId "1701509"]
[BlackFideId "1012460"]
[EventDate "2016.06.26"]

1. e4 c5 2. Nf3 g6 3. d4 cxd4 4. Nxd4 Bg7 5. c4 Nc6 6. Nc2 Nh6 7. Be2 O-O 8. O-O
f5 9. exf5 Nxf5 10. Nd2 Nfd4 11. Nxd4 Nxd4 12. Nf3 Qb6 13. Nxd4 Bxd4 14. Bf3 d6
15. Qe2 e5 16. Be3 Be6 17. Bxd4 Qxd4 18. b3 Rf7 19. Rad1 Qb6 20. Qd3 Rd8 21. Bd5
Re7 22. Kh1 Kg7 23. f3 Bxd5 24. Qxd5 Qc6 25. Qd3 Rf7 26. Rfe1 Rdd7 27. Qe3 b6
28. Rd5 Rf6 29. Red1 Qc8 30. a4 Qf8 31. Rxe5 Rdf7 32. Re8 1-0

[Event "World Senior Teams +65"]
[Site "Radebeul GER"]
[Date "2016.06.28"]
[Round "3.10"]
[Board "1"]
[White "Hutchinson, Norman A"]
[Black "Romcovici, Victor"]
[Result "0-1"]
[BlackTitle "IM"]
[WhiteElo "2061"]
[BlackElo "2122"]
[WhiteTeam "England 2"]
[BlackTeam "Moldova"]
[WhiteFideId "411540"]
[BlackFideId "13900560"]
[EventDate "2016.06.26"]

1. e4 d6 2. d4 g6 3. Nc3 Bg7 4. f4 a6 5. Nf3 b5 6. Bd3 Bb7 7. Be3 Nd7 8. Qd2 c5
9. a4 b4 10. Nd1 Ngf6 11. Nf2 Rc8 12. dxc5 dxc5 13. Qe2 a5 14. Rd1 Qc7 15. Bb5
O-O 16. O-O Nb6 17. Ba6 Nxa4 18. e5 Nd5 19. Bxb7 Qxb7 20. Ne4 Nxe3 21. Qxe3 Nxb2
22. Ra1 a4 23. Nfg5 h6 24. Nxc5 Rxc5 25. Qxc5 hxg5 26. f5 Rc8 27. Qe3 Rxc2 28.
Qd3 Bxe5 29. Qh3 Qd7 30. Rfe1 Nd3 31. Red1 Qd4+ 0-1

[Event "World Senior Teams +65"]
[Site "Radebeul GER"]
[Date "2016.06.28"]
[Round "3.10"]
[Board "2"]
[White "Nevednichy, Boris M"]
[Black "Reuben, Stewart"]
[Result "1-0"]
[WhiteTitle "IM"]
[BlackTitle "CM"]
[WhiteElo "2122"]
[BlackElo "2033"]
[WhiteTeam "Moldova"]
[BlackTeam "England 2"]
[WhiteFideId "13900080"]
[BlackFideId "405256"]
[EventDate "2016.06.26"]

1. e4 c5 2. Nc3 g6 3. Nf3 Bg7 4. d4 cxd4 5. Nxd4 Nc6 6. Be3 Nf6 7. Be2 O-O 8.
O-O d5 9. exd5 Nb4 10. Bf3 Nbxd5 11. Nxd5 Nxd5 12. Bg5 h6 13. Bh4 Nf4 14. c3 g5
15. Bg3 e5 16. Nb3 Qc7 17. Bxf4 exf4 18. Qd5 Rd8 19. Qc5 Qxc5 20. Nxc5 g4 21.
Be4 f5 22. Bc2 b6 23. Nd3 Ba6 24. Rfd1 Bxd3 25. Bxd3 Rf8 26. a4 Kh7 27. Bc2 Kg6
28. Rd7 Rad8 29. Rad1 Bf6 30. R1d5 Rxd7 31. Bxf5+ Kf7 32. Rxd7+ Ke8 33. Rxa7 f3
34. Bxg4 fxg2 35. Rb7 1-0

[Event "World Senior Teams +65"]
[Site "Radebeul GER"]
[Date "2016.06.28"]
[Round "3.10"]
[Board "3"]
[White "Cooper, John G"]
[Black "Scovitin, Albert"]
[Result "0-1"]
[WhiteElo "1941"]
[BlackElo "2209"]
[WhiteTeam "England 2"]
[BlackTeam "Moldova"]
[WhiteFideId "416096"]
[BlackFideId "13906356"]
[EventDate "2016.06.26"]

1. d4 d5 2. Nf3 Nf6 3. c3 e6 4. Bf4 c5 5. e3 Nc6 6. Nbd2 Bd6 7. Bg3 O-O 8. Bd3
Re8 9. Ne5 Qc7 10. f4 Ne7 11. O-O Nf5 12. Bf2 h5 13. h3 g6 14. g4 hxg4 15. hxg4
Ne7 16. Bh4 Kg7 17. Kg2 Rh8 18. Rh1 Bd7 19. Bg5 Bc6 20. Qf3 Rag8 21. Kg3 Ne4+
22. Nxe4 dxe4 23. Bxe4 f6 24. Nxc6 bxc6 25. Bxf6+ Kxf6 26. Rxh8 Rxh8 27. Rh1 Qc8
28. Rxh8 Qxh8 29. Bxc6 cxd4 30. cxd4 g5 31. Kg2 Qh4 32. fxg5+ Kxg5 33. e4 Qh2+
34. Kf1 Nxc6 35. e5 Nxe5 36. dxe5 Bxe5 37. Qa8 Qh3+ 38. Ke1 Qe3+ 39. Kd1 Qd3+ 0-1

[Event "World Senior Teams +65"]
[Site "Radebeul GER"]
[Date "2016.06.28"]
[Round "3.10"]
[Board "4"]
[White "Gyrlea, Viktor"]
[Black "Mashayekh, Majid"]
[Result "1/2-1/2"]
[WhiteTitle "IM"]
[WhiteElo "2384"]
[BlackElo "1922"]
[WhiteTeam "Moldova"]
[BlackTeam "England 2"]
[WhiteFideId "13900803"]
[BlackFideId "406015"]
[EventDate "2016.06.26"]

1. d4 Nf6 2. c4 e6 3. Nc3 d5 4. e3 Be7 5. Nf3 Nbd7 6. Bd2 c6 7. Rc1 Ne4 8. cxd5
Nxc3 9. Bxc3 exd5 10. Bd3 Nf6 11. Qc2 g6 12. O-O Bg4 13. Ne5 Qc7 14. f3 Be6 15.
b4 Rc8 16. a4 Nd7 17. Nxd7 Bxd7 18. e4 Bg5 19. Rce1 O-O 20. g3 Bh6 21. e5 Rce8
22. f4 f5 23. a5 a6 24. Qd2 Qd8 25. h4 Rf7 26. Kf2 Bf8 27. Rh1 Rg7 28. Rh2 Be6
29. Reh1 h5 30. Ra1 Qd7 31. Ke3 Rc8 32. Qe2 Ra8 33. Qf1 Be7 34. Rc2 Qd8 35. Qf2
Qf8 36. Qe1 Bd8 37. Bd2 Rc7 38. Rac1 Rac8 39. Kf3 Qe7 40. Ra2 Qd7 41. Bc2 Be7
42. Ba4 Qd8 43. Rac2 Kf7 1/2-1/2

[Event "World Senior Teams +65"]
[Site "Radebeul GER"]
[Date "2016.06.28"]
[Round "3.11"]
[Board "1"]
[White "Danner, Lambert"]
[Black "Vucenovic, Dragomir"]
[Result "0-1"]
[BlackTitle "FM"]
[WhiteElo "2086"]
[BlackElo "2264"]
[WhiteTeam "Wien 2"]
[BlackTeam "Switzerland"]
[WhiteFideId "1305840"]
[BlackFideId "1300393"]
[EventDate "2016.06.26"]

1. g3 d5 2. c4 c6 3. Nf3 Nf6 4. Bg2 Bf5 5. cxd5 cxd5 6. Qb3 Qb6 7. Qxb6 axb6 8.
Nc3 Nc6 9. d3 e6 10. O-O Be7 11. Bd2 O-O 12. a3 Bg4 13. Rac1 Bxf3 14. Bxf3 Nd4
15. Bg2 b5 16. e4 b4 17. axb4 Bxb4 18. Rfe1 Nb3 19. Rcd1 Nxd2 20. Rxd2 d4 21.
Nb1 Ra1 0-1

[Event "World Senior Teams +65"]
[Site "Radebeul GER"]
[Date "2016.06.28"]
[Round "3.11"]
[Board "2"]
[White "Bhend, Edwin"]
[Black "Nickl, Klaus"]
[Result "1/2-1/2"]
[WhiteTitle "IM"]
[WhiteElo "2169"]
[BlackElo "2028"]
[WhiteTeam "Switzerland"]
[BlackTeam "Wien 2"]
[WhiteFideId "1300288"]
[BlackFideId "1601024"]
[EventDate "2016.06.26"]

1. d4 d6 2. e4 c6 3. f4 Nf6 4. Nc3 Bg4 5. Be2 Bxe2 6. Qxe2 Qa5 7. Bd2 Qa6 8. e5
Qxe2+ 9. Ngxe2 Nfd7 10. O-O e6 11. exd6 Bxd6 12. Ne4 Be7 13. f5 exf5 14. Rxf5
O-O 15. N2g3 Na6 16. Rf3 g6 17. Rb3 b6 18. Bg5 f6 19. Bd2 f5 20. Ng5 Bf6 21. Nf3
c5 1/2-1/2

[Event "World Senior Teams +65"]
[Site "Radebeul GER"]
[Date "2016.06.28"]
[Round "3.11"]
[Board "3"]
[White "Eidenberger, Otto"]
[Black "Hohler, Peter"]
[Result "1/2-1/2"]
[BlackTitle "FM"]
[WhiteElo "2000"]
[BlackElo "2159"]
[WhiteTeam "Wien 2"]
[BlackTeam "Switzerland"]
[WhiteFideId "1621874"]
[BlackFideId "1300296"]
[EventDate "2016.06.26"]

1. e4 e5 2. Nc3 Nf6 3. f4 d5 4. exd5 exf4 5. Bb5+ Bd7 6. Bc4 Bg4 7. Nf3 Bd6 8.
Qe2+ Qe7 9. d4 Qxe2+ 10. Nxe2 Bxf3 11. gxf3 Nh5 12. Rg1 h6 13. Kf2 Nd7 14. Bd2
a6 15. a4 O-O 16. Rg2 Rad8 17. Rag1 Ndf6 18. Bb3 b5 19. axb5 axb5 20. c4 bxc4
21. Bxc4 Rb8 22. b3 Rfd8 23. Bc1 Kh8 24. Nc3 Bb4 25. Ne2 Bd6 26. Nc3 Bb4 27. Ne2
Bd6 1/2-1/2

[Event "World Senior Teams +65"]
[Site "Radebeul GER"]
[Date "2016.06.28"]
[Round "3.11"]
[Board "4"]
[White "Issler, Christian"]
[Black "Prochaska, Juergen"]
[Result "1/2-1/2"]
[WhiteElo "2078"]
[BlackElo "1887"]
[WhiteTeam "Switzerland"]
[BlackTeam "Wien 2"]
[WhiteFideId "1306456"]
[BlackFideId "1601806"]
[EventDate "2016.06.26"]

1. d4 Nf6 2. Bf4 g6 3. e3 Bg7 4. Be2 O-O 5. Nf3 c5 6. c3 d6 7. h3 Nbd7 8. O-O
Rb8 9. Nbd2 b5 10. Bh2 Bb7 11. dxc5 Nxc5 12. Nd4 a6 13. Bf3 Qb6 14. Bxb7 Qxb7 1/2-1/2